Haller, Ansgar. Die Ausformung von Öffentlichkeit in Danzig im 18. Jahrhundert bis zur zweiten Teilung Polens im Jahre 1793. - Hamburg

Titel: Haller, Ansgar. Die Ausformung von Öffentlichkeit in Danzig im 18. Jahrhundert bis zur zweiten Teilung Polens im Jahre 1793. - Hamburg : Kovač. - 2005 [Rezension]
Verfasser:
In: Zapiski historyczne, Band 75, Heft 1 (2010), Seite 144-147
alle Artikel anzeigen
Veröffentlicht: 2010
Format: Aufsatz
Sprache: Polnisch
Kein Bild verfügbar
X
alg: 39499530
001A    $01999:12-11-16 
001B    $03025:24-05-24 $t12:20:54.000 
001D    $01999:12-11-16 
001U    $0utf8 
001X    $00 
002@    $0Aox 
003@    $0394995309 
007A    $0394995309 $aHEB 
007T    $0Herdc0065480m 
010@    $apol 
011@    $a2010 
021A    $aHaller, Ansgar. Die @Ausformung von Öffentlichkeit in Danzig im 18. Jahrhundert bis zur zweiten Teilung Polens im Jahre 1793. - Hamburg $dKovač. -  2005 [Rezension] 
028A    $BVerfasser $4aut $8Zientara, Włodzimierz$Z1954- [Tp1] $944825462X 
031A    $d75 $e1 $h144-147 $j2010 
039B    $aIn $8--Abvc--. Zapiski historyczne. - Toruń {[u.a.] : TNT, 1956-. - ISSN 0044-1791 $x201000000750001856 $904810552X 
039T    $8--Aau--Haller, Ansgar [Tnd]. Die @Ausformung von Öffentlichkeit in Danzig im 18. Jahrhundert bis zur zweiten Teilung Polens im Jahre 1793. - Hamburg : Kovač, 2005. - 454, [14] S.. - graph. Darst.. - ISBN 3-8300-1701-4 $9129330108 
045F    $a900.9438 $eDDC23BSB 
045F/01 $a900 
045F/03 $g438 
045F/03 $g4382 
045F/03 $g43832 

lok: 39499530 78

exp: 39499530 78 1 #EPN
201B/01 $018-11-16 $t13:22:39.000 
201U/01 $0utf8 
203@/01 $0791293920 
208@/01 $a12-11-16 $be 
209A/01 $a/ $f000 $x00 
220C/01 $aTitelaufnehmer: gk;tn 
220C/01 $aHerkunft: HI Marburg 
244Z/01 $2Trx $#Prusy Wschodnie i Zachodnie $8--Trx--Ost- und Westpreußen $x01 $939113373X 
244Z/01 $2Trx $#Poola $#Lenkija $#Polija $#Polen Land $#Poland $#Lengyelország $#Poľsko $#Polsko $8--Trx--Polska$gkraj $x02 $9391345966 
244Z/01 $2Trx $#arvustused $#recenzijos $#Reviews $#recenziók $#recenzje $#recenzie $#recenze $8--Trx--Rezensionen $x03 $9391357441 
247C/01 $82080>Marburg/Lahn, Herder-Institut, Forschungsbibliothek, Bibliographieportal $9336309341
LEADER 00000caa a22000002c 4500
001 394995309
003 DE-603
005 20240524122054.0
007 tu
008 161112s2010 xx |||| | u00||u|pol c
035 |a (DE-599)HEB394995309 
040 |a DE-603  |b ger  |c DE-603  |d DE-603 
041 |a pol 
082 0 4 |8 1\u  |a 900.9438  |q DE-101  |2 23/BSB 
085 |8 1\u  |b 900 
085 |8 1\u  |z 2  |s 438 
085 |8 1\u  |z 2  |s 4382 
085 |8 1\u  |z 2  |s 43832 
100 1 |a Zientara, Włodzimierz  |d 1954-  |e Verfasser  |4 aut  |0 (DE-603)44825462X  |0 (DE-588)1185450408  |2 gnd 
245 0 0 |a ˜Haller, Ansgar. Dieœ Ausformung von Öffentlichkeit in Danzig im 18. Jahrhundert bis zur zweiten Teilung Polens im Jahre 1793. - Hamburg  |b Kovač. - 2005 [Rezension] 
264 0 |c 2010 
773 0 8 |i In  |t Zapiski historyczne  |d Toruń ˜[u.a.] œ: TNT, 1956-  |x 0044-1791  |g Band 75, Heft 1 (2010), Seite 144-147  |w (DE-603)04810552X  |w (DE-600)860296-7 
787 0 8 |i Rezension von  |a Haller, Ansgar  |t ˜Dieœ Ausformung von Öffentlichkeit in Danzig im 18. Jahrhundert bis zur zweiten Teilung Polens im Jahre 1793  |d Hamburg : Kovač, 2005  |h 454, [14] S., graph. Darst.  |z 3830017014  |w (DE-603)129330108 
924 0 |9 2080  |a (DE-603)791293920  |b DE-2080  |c HES  |d d  |g /